00931 a2200169 45000010006000000050017000060080041000230030015000640400040000790800035001192450040001542640044001943000019002385050465002570410008007221000031007305962120260407155850.0260407a1955 arg spa dAR-UNSa-BCEJYS aAR-UNSa-BCEJYSbspacAR-UNSa-BCEJYS a330.34xDesarrollo Económico10aEl desarrollo económico argentino 1aBuenos Aires :bEdiciones Arayúc1955 a236 p.c24 cm. a1. Las condiciones generales del desarrollo - 2. La reforma agraria – 3. Producción y productividad agropecuarias – 4. Cambios estructurales – 5. El mercado – 6. Orientaciones y ordenamiento industrial – 7. Las industrias-Tapón – 8. El problema de la productividad en la Argentina – 9. La financiación del desarrollo – 10. Estado Financiero – 11. Problemas del comercio exterior – 12. La integración económica latinoamericana -  aspa1 aBenitez de Castro, Cecilio